000 00331nam a2200145Ia 4500
008 230718s9999 xx 000 0 und d
041 _aEng.
082 _a391
_bCHA-C
100 _aChapman Noel
245 0 _aCaspers in Fashion
260 _aPakistan
_bScreet and Maroned
_c1889
300 _a117
650 _aLaw
999 _c26656
_d26656